Boletín minero y comercial / (Record no. 474)

MARC details
000 -LEADER
campo de control de longitud fija 01102nas a2200301 i 4500
001 - NÚMERO DE CONTROL
campo de control 474
003 - IDENTIFICADOR DE NÚMERO DE CONTROL
campo de control ES-MaACL
005 - FECHA Y HORA DE LA ÚLTIMA TRANSACCIÓN
campo de control 20250728235800.0
008 - DATOS DE LONGITUD FIJA--INFORMACIÓN GENERAL
campo de control de longitud fija 950801d18981906sp wr p 0 1 |spa d
022 ## - NÚMERO INTERNACIONAL NORMALIZADO PARA PUBLICACIONES SERIADAS
Número Internacional Normalizado para Publicaciones Seriadas 2483-2960
080 ## - NÚMERO DE LA CLASIFICACIÓN DECIMAL UNIVERSAL
Número de la Clasificación Decimal Universal 62/69
080 ## - NÚMERO DE LA CLASIFICACIÓN DECIMAL UNIVERSAL
Número de la Clasificación Decimal Universal 460
245 00 - MENCIÓN DEL TÍTULO
Título Boletín minero y comercial /
Mención de responsabilidad, etc. de la agencia general de negocios de Domingo Gascón.
260 ## - PUBLICACIÓN, DISTRIBUCIÓN, ETC.
Lugar de publicación, distribución, etc. Madrid :
Nombre del editor, distribuidor, etc. Domingo Gascón,
Fecha de publicación, distribución, etc. 1898-1906 (
Fabricante Hijos de M.G. Hernández, Ricardo Rojas)
300 ## - DESCRIPCIÓN FÍSICA
Extensión 2 v. ;
Dimensiones 34 cm.
310 ## - PERIODICIDAD ACTUAL
Periodicidad actual Semanal, 1905-
362 0# - FECHAS DE PUBLICACIÓN Y/O DESIGNACIÓN SECUENCIAL
Fecha de publicación y/o designación secuencial Año I, n. 1 (30 dic. 1898)-año VIII, 3ª época (27 dic. 1905)
530 ## - NOTA DISPONIBLE DE FORMULARIO FÍSICO ADICIONAL
Nota de formato físico adicional disponible Disponible en formato digital.
594 ## - Nota al título y mención de responsabilidad
Nota al título y mención de responsabilidad Fundador: Domingo Gascón y Guimbao ; Director (1902-): Antonio Gascón.
650 14 - PUNTO DE ACCESO ADICIONAL DE MATERIA--TÉRMINO DE MATERIA
Término de materia o nombre geográfico como elemento de entrada Minería.
9 (RLIN) 15054
650 07 - PUNTO DE ACCESO ADICIONAL DE MATERIA--TÉRMINO DE MATERIA
Término de materia o nombre geográfico como elemento de entrada Industria
Fuente del encabezamiento o término embne
9 (RLIN) 13713
700 1# - ENTRADA AGREGADA--NOMBRE PERSONAL
Nombre de persona Gascón y Guimbao, Domingo.
9 (RLIN) 55865
700 1# - ENTRADA AGREGADA--NOMBRE PERSONAL
Nombre de persona Gascón y Miramón, Antonio.
9 (RLIN) 55868
852 ## - LOCALIZACIÓN
Ubicación ES-MaACL
Número de control de estantería Hem-770
856 ## - LOCALIZACIÓN Y ACCESO ELECTRÓNICOS
Identificador Uniforme de Recursos <a href="https://bibliotecavirtual.aragon.es/es/consulta/registro.do?id=226">https://bibliotecavirtual.aragon.es/es/consulta/registro.do?id=226</a>
Nota pública Biblioteca Virtual de Aragón
866 #0 - MENCIÓN TEXTUAL DE FONDOS--UNIDAD BIBLIOGRÁFICA BÁSICA
Fondos 1903-04.
Holdings
Estatus retirado Estado de pérdida Estado de daño No para préstamo Colección Biblioteca de origen Biblioteca actual Ubicación en estantería Fecha de adquisición Fuente de adquisición Total de préstamos Signatura topográfica completa Código de barras Visto por última vez Precio de reemplazo Tipo de ítem Koha
        Colección digital Biblioteca del Ateneo de Madrid Biblioteca del Ateneo de Madrid Depósito 1 17/01/2008     Hem-770 1000485 23/02/2023 23/02/2023 Revista